One way or another (One Direction) - lyrics - Statistics

General Stats
  • This quiz has been taken 46 times
  • The average score is 246 of 313
Answer Stats
Answer % Correct
another
100%
I
100%
I
100%
One
100%
or
100%
way
100%
go
95%
gonna
95%
I'm
95%
ya
95%
get
90%
Get
90%
the
83%
you
83%
find
80%
see
78%
See
78%
I'll
68%
all
63%
your
63%
And
61%
win
61%
are
59%
day
59%
if
59%
lights
59%
meet
59%
week
59%
next
56%
maybe
54%
out
54%
around
51%
down
51%
follow
49%
two
49%
four
46%
house
46%
three
46%
wanna
46%
will
46%
drive
44%
hold
44%
past
44%
who's
44%
Let's
39%
tight
39%
downtown
37%
night
37%
right
37%
teenage
37%
bus
34%
kicks
34%
through
34%
hanging
32%
Cmon
17%
No matching quizzes found
Score Distribution
Percent of People with Each Score
Percentile by Number Answered
Your Score History
You have not taken this quiz